<?xml version="1.0" encoding="UTF-8"?><?xml-stylesheet type="text/xsl" href="static/style.xsl"?><OAI-PMH xmlns="http://www.openarchives.org/OAI/2.0/" xmlns:xsi="http://www.w3.org/2001/XMLSchema-instance" xsi:schemaLocation="http://www.openarchives.org/OAI/2.0/ http://www.openarchives.org/OAI/2.0/OAI-PMH.xsd"><responseDate>2026-04-28T19:30:24Z</responseDate><request verb="GetRecord" identifier="oai:uvadoc.uva.es:10324/72997" metadataPrefix="marc">https://uvadoc.uva.es/oai/request</request><GetRecord><record><header><identifier>oai:uvadoc.uva.es:10324/72997</identifier><datestamp>2025-02-13T08:02:40Z</datestamp><setSpec>com_10324_1163</setSpec><setSpec>com_10324_931</setSpec><setSpec>com_10324_894</setSpec><setSpec>col_10324_1326</setSpec></header><metadata><record xmlns="http://www.loc.gov/MARC21/slim" xmlns:doc="http://www.lyncode.com/xoai" xmlns:xsi="http://www.w3.org/2001/XMLSchema-instance" xmlns:dcterms="http://purl.org/dc/terms/" xsi:schemaLocation="http://www.loc.gov/MARC21/slim http://www.loc.gov/standards/marcxml/schema/MARC21slim.xsd">
<leader>00925njm 22002777a 4500</leader>
<datafield tag="042" ind1=" " ind2=" ">
<subfield code="a">dc</subfield>
</datafield>
<datafield tag="720" ind1=" " ind2=" ">
<subfield code="a">Pascual Chenel, Álvaro</subfield>
<subfield code="e">author</subfield>
</datafield>
<datafield tag="260" ind1=" " ind2=" ">
<subfield code="c">2023</subfield>
</datafield>
<datafield tag="520" ind1=" " ind2=" ">
<subfield code="a">Se estudian en este artículo las decoraciones pintadas inéditas de un conjunto de despachos de concesión de títulos nobiliarios de los últimos veinte años del reinado de Carlos II que se conservan en el Archivo Histórico de la Nobleza, y su relación con otros ejemplos de diversos archivos, instituciones y colecciones. Ello permite construir una visión panorámica de conjunto y establecer analogías estilísticas y tipológicas, diferenciar modelos e identificar obradores e incluso nombres propios de artista</subfield>
</datafield>
<datafield tag="024" ind2=" " ind1="8">
<subfield code="a">Quiroga. Revista de patrimonio iberoamericano, 2023, n. 22, pp. 144-161</subfield>
</datafield>
<datafield tag="024" ind2=" " ind1="8">
<subfield code="a">2254-7037</subfield>
</datafield>
<datafield tag="024" ind2=" " ind1="8">
<subfield code="a">https://uvadoc.uva.es/handle/10324/72997</subfield>
</datafield>
<datafield tag="024" ind2=" " ind1="8">
<subfield code="a">10.30827/quiroga.v0i22.0011</subfield>
</datafield>
<datafield tag="024" ind2=" " ind1="8">
<subfield code="a">144</subfield>
</datafield>
<datafield tag="024" ind2=" " ind1="8">
<subfield code="a">22</subfield>
</datafield>
<datafield tag="024" ind2=" " ind1="8">
<subfield code="a">161</subfield>
</datafield>
<datafield tag="024" ind2=" " ind1="8">
<subfield code="a">Quiroga. Revista de patrimonio iberoamericano</subfield>
</datafield>
<datafield tag="245" ind1="0" ind2="0">
<subfield code="a">Documentos pintados del reinado de Carlos II en el Archivo Histórico de la Nobleza</subfield>
</datafield>
</record></metadata></record></GetRecord></OAI-PMH>